[Event "Olimpiada de Khanty-Mansiysk 2010"]
[Site "Khanty-Mansiysk RUS"]
[Date "2010.09.29"]
[Round "8"]
[White "Mukabi, John"]
[Black "Domingos, Ediberto"]
[Result "0-1"]
[WhiteElo "2074"]
[BlackElo "2186"]
[PlyCount "134"]
[EventDate "2010.09.21"]
[EventType "team"]
[EventRounds "11"]
[EventCountry "RUS"]
[Source "lmi"]
[SourceDate "2010.09.21"]
[WhiteTeam "Kenia"]
[BlackTeam "Angola"]
[WhiteTeamCountry "KEN"]
[BlackTeamCountry "ANG"]

1. e4 d5 2. exd5 Qxd5 3. Nc3 Qa5 4. Bc4 Nf6 5. d3 c6 6. Bd2 Qb6 7. Bb3 Bg4 8.
f3 Bf5 9. g4 Bc8 10. g5 Nh5 11. f4 g6 12. Qf3 Bg7 13. Nge2 Na6 14. Na4 Qc7 15.
Bc3 Bxc3+ 16. Naxc3 Nc5 17. O-O-O Nxb3+ 18. cxb3 Bf5 19. Kb1 O-O-O 20. Ka1 e6
21. d4 Kb8 22. Rc1 Qa5 23. Rhd1 Rd7 24. Na4 Qd5 25. Qe3 Rhd8 26. Rd2 Bg4 27.
Nc5 Rc7 28. Nc3 Qf3 29. Qxf3 Bxf3 30. Rf1 Bg4 31. b4 Re7 32. a4 b6 33. Nb3 Red7
34. Rff2 Bf5 35. Nd1 Be4 36. Ne3 Ng7 37. Ka2 Bd5 38. Nxd5 Rxd5 39. Rc2 Kb7 40.
Rc3 Rf5 41. Rh3 Nh5 42. Rhf3 Rh8 43. Kb1 h6 44. Kc2 Ng7 45. Rh3 Nh5 46. Rhf3
hxg5 47. fxg5 Ng7 48. Kd3 Kc7 49. Nd2 Rh4 50. Ne4 Kd7 51. Ke3 Rxf3+ 52. Kxf3
Nf5 53. Rd2 Rh3+ 54. Ng3 Kd6 55. Kg2 Rh4 56. Nxf5+ exf5 57. b5 cxb5 58. axb5
Rh5 59. b3 Rxg5+ 60. Kf3 Rh5 61. Ra2 Rh3+ 62. Kf4 Rxb3 63. Rxa7 Ke6 64. d5+ Kf6
65. h4 Rxb5 66. Rb7 Rb3 67. d6 Rh3 0-1

[Event "Olimpiada de Khanty-Mansiysk 2010"]
[Site "Khanty-Mansiysk RUS"]
[Date "2010.09.29"]
[Round "8"]
[White "Urbina, Ricardo"]
[Black "Lodhi, Mahmood"]
[Result "1/2-1/2"]
[WhiteElo "2226"]
[BlackElo "2391"]
[PlyCount "150"]
[EventDate "2010.09.21"]
[EventType "team"]
[EventRounds "11"]
[EventCountry "RUS"]
[Source "lmi"]
[SourceDate "2010.09.21"]
[WhiteTeam "Honduras"]
[BlackTeam "Pakistán"]
[WhiteTeamCountry "HON"]
[BlackTeamCountry "PAK"]

1. e4 e5 2. Nf3 Nc6 3. Bb5 a6 4. Ba4 Nf6 5. d3 b5 6. Bb3 Bc5 7. c3 d6 8. h3 h6
9. Nbd2 O-O 10. Nf1 d5 11. Qe2 a5 12. Ng3 a4 13. Bc2 Re8 14. O-O Bf8 15. Rd1 a3
16. bxa3 Bxa3 17. Bxa3 Rxa3 18. Bb3 Be6 19. Qb2 Qa8 20. Ne1 Ra5 21. Nc2 Ne7 22.
exd5 Nexd5 23. c4 Nf4 24. Ne3 Rd8 25. cxb5 Rxb5 26. Qc2 Bxb3 27. axb3 Qb7 28.
Ra3 N6d5 29. d4 Nb4 30. Qf5 g6 31. Qf6 Re8 32. dxe5 Nbd5 33. Nxd5 Rxd5 34. Rxd5
Nxd5 35. Qa6 Qxa6 36. Rxa6 Rxe5 37. Rc6 Kf8 38. Nf1 Ke7 39. g3 Kd7 40. Rc2 h5
41. Kg2 g5 42. Nd2 f6 43. Kf1 Rf5 44. Ke2 h4 45. Nf3 hxg3 46. fxg3 c5 47. Rc4
Kd6 48. h4 gxh4 49. Rxh4 Kc6 50. Rh6 Kb5 51. Rh4 Nb4 52. Re4 Nc6 53. g4 Rd5 54.
Re6 Na5 55. Rxf6 Nxb3 56. g5 Nd4+ 57. Nxd4+ Rxd4 58. g6 Rg4 59. Kf3 Rg1 60. Kf4
c4 61. Rf5+ Kb4 62. Rg5 Rf1+ 63. Ke5 Re1+ 64. Kd4 Rd1+ 65. Ke4 Re1+ 66. Kf3 Re8
67. g7 Rg8 68. Ke2 Kc3 69. Kd1 Kd3 70. Kc1 Ke4 71. Kc2 Kf4 72. Rg1 Kf5 73. Kc3
Kf6 74. Kxc4 Rxg7 75. Rxg7 Kxg7 1/2-1/2

[Event "Olimpiada de Khanty-Mansiysk 2010"]
[Site "Khanty-Mansiysk RUS"]
[Date "2010.09.29"]
[Round "8"]
[White "Yarmonov, Igor"]
[Black "Filippov, Anton"]
[Result "0-1"]
[WhiteElo "2335"]
[BlackElo "2609"]
[PlyCount "110"]
[EventDate "2010.09.21"]
[EventType "team"]
[EventRounds "11"]
[EventCountry "RUS"]
[Source "lmi"]
[SourceDate "2010.09.21"]
[WhiteTeam "IPC"]
[BlackTeam "Uzbekistán"]
[BlackTeamCountry "UZB"]

1. d4 Nf6 2. c4 e6 3. Nc3 Bb4 4. Qc2 O-O 5. a3 Bxc3+ 6. Qxc3 b6 7. Bg5 c5 8.
dxc5 bxc5 9. e3 d6 10. Bxf6 Qxf6 11. Qxf6 gxf6 12. Ne2 Rd8 13. Nc3 Kf8 14. Be2
Bb7 15. O-O Nc6 16. f4 Ke7 17. Rab1 a5 18. Rbd1 Rab8 19. Rd2 Na7 20. Kf2 f5 21.
h3 Bc6 22. g4 fxg4 23. hxg4 Nc8 24. Rg1 h6 25. Rg3 Nb6 26. Rh3 Rh8 27. Ke1 a4
28. Kd1 Bb7 29. Kc1 Ba6 30. Bd1 Rhg8 31. Nxa4 Nxa4 32. Bxa4 Rxg4 33. b3 Bb7 34.
Rxh6 Rg3 35. Re2 Rg1+ 36. Kd2 Ra1 37. Reh2 Rg8 38. Rh8 Rg6 39. R2h6 Rxh6 40.
Rxh6 Be4 41. Rh8 Rxa3 42. Re8+ Kf6 43. Rd8 d5 44. cxd5 exd5 45. Rd6+ Ke7 46.
Rd7+ Kf6 47. Rd6+ Kg7 48. Be8 c4 49. Rd7 Kf8 50. Bxf7 Rxb3 51. Ke2 Rb2+ 52. Ke1
c3 53. Rc7 Rb1+ 54. Ke2 c2 55. Bxd5 Bh7 0-1

[Event "Olimpiada de Khanty-Mansiysk 2010"]
[Site "Khanty-Mansiysk RUS"]
[Date "2010.09.29"]
[Round "8"]
[White "Khamrakulov, Dzhurabek"]
[Black "Mikheev, Stanislav"]
[Result "1/2-1/2"]
[WhiteElo "2485"]
[BlackElo "2337"]
[PlyCount "100"]
[EventDate "2010.09.21"]
[EventType "team"]
[EventRounds "11"]
[EventCountry "RUS"]
[Source "lmi"]
[SourceDate "2010.09.21"]
[WhiteTeam "Uzbekistán"]
[BlackTeam "IPC"]
[WhiteTeamCountry "UZB"]

1. e4 e5 2. Nf3 Nf6 3. Nxe5 d6 4. Nf3 Nxe4 5. Nc3 Nxc3 6. dxc3 Be7 7. Bf4 Nc6
8. Qd2 Be6 9. O-O-O Qd7 10. Qe3 a6 11. Nd4 Nxd4 12. cxd4 Qa4 13. a3 O-O-O 14.
Qf3 Bf6 15. Be3 Kb8 16. Rd2 Bc4 17. Kb1 Bxf1 18. Rxf1 d5 19. g4 h6 20. Rd3 Rhe8
21. Bxh6 Bxd4 22. Bc1 f6 23. b3 Qb5 24. Rfd1 Bb6 25. c4 Qc5 26. Rxd5 Rxd5 27.
Rxd5 Qxf2 28. Qxf2 Bxf2 29. Rd7 Be3 30. Rxg7 Bxc1 31. Kxc1 Rh8 32. Rg6 Rxh2 33.
Rxf6 Rg2 34. Rg6 a5 35. g5 b6 36. Rg8+ Kb7 37. g6 Kc6 38. Kd1 Kc5 39. Ke1 a4
40. bxa4 Kxc4 41. Kf1 Rg5 42. Kf2 Kb3 43. Kf3 Kxa3 44. Kf4 Rg1 45. Kf5 Kxa4 46.
Re8 Rf1+ 47. Kg5 Rg1+ 48. Kf6 Rf1+ 49. Ke6 Rg1 50. Kf6 Rf1+ 1/2-1/2

[Event "Olimpiada de Khanty-Mansiysk 2010"]
[Site "Khanty-Mansiysk RUS"]
[Date "2010.09.29"]
[Round "8"]
[White "Vodyasov, Evgeny"]
[Black "Kvon, Andrey"]
[Result "0-1"]
[WhiteElo "2217"]
[BlackElo "2448"]
[PlyCount "138"]
[EventDate "2010.09.21"]
[EventType "team"]
[EventRounds "11"]
[EventCountry "RUS"]
[Source "lmi"]
[SourceDate "2010.09.21"]
[WhiteTeam "IPC"]
[BlackTeam "Uzbekistán"]
[BlackTeamCountry "UZB"]

1. Nf3 Nf6 2. b3 g6 3. Bb2 Bg7 4. e3 O-O 5. Be2 c5 6. c4 Nc6 7. O-O Re8 8. d3
d6 9. a3 a6 10. Nbd2 Rb8 11. Qc2 e5 12. Rfe1 Qc7 13. Ng5 Bf5 14. Bf3 Ne7 15.
Nge4 Nd7 16. Nc3 Be6 17. Nd5 Bxd5 18. cxd5 Rec8 19. e4 b5 20. Be2 f5 21. f3 Nf6
22. Nf1 g5 23. Bc1 f4 24. Bd2 h5 25. Rec1 Ng6 26. Be1 Qd8 27. a4 b4 28. Qd1 Bf8
29. Bf2 Rc7 30. h3 Rg7 31. Nh2 a5 32. Kf1 Rh7 33. Rc2 Rbb7 34. Ke1 Rbf7 35. Kf1
Nd7 36. Kg1 Qf6 37. Qd2 Be7 38. Rac1 Rf8 39. Rf1 Nh8 40. Ra1 Nf7 41. Qd1 Nh6
42. Raa2 Rg7 43. Rc1 Bd8 44. Rcc2 Kh7 45. Rc1 Rfg8 46. Kf1 Bb6 47. Rc4 Qg6 48.
Rd2 Nf6 49. Be1 Kh8 50. g4 fxg3 51. Bxg3 Bd8 52. Rcc2 Qf7 53. Kg1 Qd7 54. Bf1
g4 55. fxg4 hxg4 56. h4 Nh5 57. Qe1 Be7 58. Bg2 Nxg3 59. Qxg3 Qd8 60. Qe3 Kh7
61. Nf1 Bxh4 62. Qe2 Bg5 63. Rd1 Bf4 64. Ne3 Kh8 65. Nf5 Rh7 66. Qe1 Qf6 67.
Qh4 Rg5 68. Qf2 Nxf5 69. exf5 Bh2+ 0-1

[Event "Olimpiada de Khanty-Mansiysk 2010"]
[Site "Khanty-Mansiysk RUS"]
[Date "2010.09.29"]
[Round "8"]
[White "Eid, Fadi"]
[Black "Juarez, Flores Carlos A"]
[Result "1-0"]
[WhiteElo "2387"]
[BlackElo "2366"]
[PlyCount "121"]
[EventDate "2010.09.21"]
[EventType "team"]
[EventRounds "11"]
[EventCountry "RUS"]
[Source "lmi"]
[SourceDate "2010.09.21"]
[WhiteTeam "Líbano"]
[BlackTeam "Guatemala"]
[WhiteTeamCountry "LBN"]
[BlackTeamCountry "GUA"]

1. e4 e6 2. d4 d5 3. Nc3 Bb4 4. Bd3 c5 5. a3 Bxc3+ 6. bxc3 c4 7. Be2 Nf6 8.
exd5 exd5 9. Bf3 O-O 10. Ne2 h6 11. O-O Bf5 12. Rb1 Nbd7 13. Ng3 Bg6 14. Rxb7
Nb6 15. Bf4 Ne4 16. Bxe4 dxe4 17. Qg4 Qc8 18. Qxc8 Rfxc8 19. h3 Nd5 20. Ne2 Rc6
21. Rd7 Nb6 22. Rc7 Rxc7 23. Bxc7 Nd5 24. Bf4 e3 25. Bxe3 Bxc2 26. Nf4 Nxf4 27.
Bxf4 Re8 28. f3 Re2 29. Rf2 Rxf2 30. Kxf2 Kf8 31. Bd6+ Ke8 32. g4 g6 33. Ke3 a5
34. d5 a4 35. Kd4 Bb3 36. f4 h5 37. gxh5 gxh5 38. Ke5 Bd1 39. Bc5 Bc2 40. Kd6
Bf5 41. h4 Bb1 42. Bd4 Bc2 43. Bf6 Bd1 44. Kc6 Bc2 45. d6 Bf5 46. Be7 Be4+ 47.
Kb5 Bc2 48. Kxc4 Kd7 49. Kb5 Bd1 50. c4 Be2 51. Kxa4 Bxc4 52. Kb4 Be2 53. Kc5
Bd1 54. Kd5 Ba4 55. Ke5 Ke8 56. Kf6 Bb3 57. Kg5 Bd1 58. f5 Kd7 59. a4 Bxa4 60.
Kxh5 Ke8 61. Kg5 1-0

[Event "Olimpiada de Khanty-Mansiysk 2010"]
[Site "Khanty-Mansiysk RUS"]
[Date "2010.09.29"]
[Round "8"]
[White "Lorenzana, Wilson Estuard"]
[Black "Sakr, Nassim"]
[Result "1-0"]
[WhiteElo "2206"]
[BlackElo "2177"]
[PlyCount "47"]
[EventDate "2010.09.21"]
[EventType "team"]
[EventRounds "11"]
[EventCountry "RUS"]
[Source "lmi"]
[SourceDate "2010.09.21"]
[WhiteTeam "Guatemala"]
[BlackTeam "Líbano"]
[WhiteTeamCountry "GUA"]
[BlackTeamCountry "LBN"]

1. e4 Nc6 2. d4 e5 3. dxe5 Nxe5 4. Nf3 Nxf3+ 5. Qxf3 d6 6. Bc4 Nf6 7. Nc3 Be7
8. Bf4 O-O 9. O-O c6 10. a4 Qa5 11. Rfe1 Be6 12. Bxe6 fxe6 13. e5 Nd5 14. Nxd5
exd5 15. Qg4 dxe5 16. Bxe5 Bf6 17. Bxf6 Rxf6 18. Re7 Rg6 19. Qd4 Rf6 20. Rae1
Raf8 21. c3 R6f7 22. Rxf7 Rxf7 23. Re8+ Rf8 24. Qe5 1-0

[Event "Olimpiada de Khanty-Mansiysk 2010"]
[Site "Khanty-Mansiysk RUS"]
[Date "2010.09.29"]
[Round "8"]
[White "El Jawich, Amro"]
[Black "Ortiz, Q Johnny Alexander"]
[Result "1-0"]
[WhiteElo "2105"]
[BlackElo "2179"]
[PlyCount "91"]
[EventDate "2010.09.21"]
[EventType "team"]
[EventRounds "11"]
[EventCountry "RUS"]
[Source "lmi"]
[SourceDate "2010.09.21"]
[WhiteTeam "Líbano"]
[BlackTeam "Guatemala"]
[WhiteTeamCountry "LBN"]
[BlackTeamCountry "GUA"]

1. e4 c5 2. c3 d5 3. exd5 Qxd5 4. d4 Nf6 5. Nf3 e6 6. a3 Be7 7. Bd3 O-O 8. O-O
b6 9. Re1 Bb7 10. Qe2 Qh5 11. Nbd2 Nbd7 12. dxc5 Nxc5 13. Bc2 a5 14. b4 axb4
15. cxb4 Na4 16. Bxa4 Rxa4 17. Bb2 Raa8 18. Bd4 Nd5 19. Qe5 Qg6 20. Qg3 Rfd8
21. Qxg6 hxg6 22. Nc4 Bf6 23. Bxf6 gxf6 24. h4 Kf8 25. Kh2 Ke7 26. Rec1 Rdc8
27. Nfd2 Ba6 28. Nb2 Kd7 29. g4 Nf4 30. Ndc4 Nd5 31. Kg3 Rc7 32. a4 Bxc4 33.
Rxc4 Rxc4 34. Nxc4 Rc8 35. Rc1 Ke7 36. b5 Nb4 37. a5 bxa5 38. b6 Rb8 39. h5
gxh5 40. gxh5 Nd5 41. h6 Kd7 42. h7 Ne7 43. b7 Ng6 44. Nxa5 f5 45. Nc6 f4+ 46.
Kg2 1-0

[Event "Olimpiada de Khanty-Mansiysk 2010"]
[Site "Khanty-Mansiysk RUS"]
[Date "2010.09.29"]
[Round "8"]
[White "Juarez, Flores Roberto"]
[Black "Kassis, Antoine"]
[Result "0-1"]
[WhiteElo "2106"]
[BlackElo "2236"]
[PlyCount "98"]
[EventDate "2010.09.21"]
[EventType "team"]
[EventRounds "11"]
[EventCountry "RUS"]
[Source "lmi"]
[SourceDate "2010.09.21"]
[WhiteTeam "Guatemala"]
[BlackTeam "Líbano"]
[WhiteTeamCountry "GUA"]
[BlackTeamCountry "LBN"]

1. d4 d5 2. c4 c6 3. Nf3 Nf6 4. Nc3 dxc4 5. a4 Bf5 6. e3 e6 7. Bxc4 Bb4 8. O-O
O-O 9. Nh4 Bg4 10. f3 Bh5 11. g4 Nd5 12. Qe1 Be7 13. gxh5 Bxh4 14. Qe2 Qg5+ 15.
Kh1 Qxh5 16. e4 Nb4 17. Rg1 g6 18. Be3 Nd7 19. Raf1 e5 20. Qg2 exd4 21. Bxd4
Bf6 22. Be3 Ne5 23. Be2 Ned3 24. f4 Qa5 25. Bf3 Rad8 26. e5 Bg7 27. Be4 Nc5 28.
Bb1 Ncd3 29. Rf3 Qa6 30. Rh3 Qc4 31. Qg4 Rd4 32. Qh4 h5 33. Bxd4 Qxd4 34. Rf1
Nxb2 35. Qf2 Qxf2 36. Rxf2 Nc4 37. Ne4 Rd8 38. Ba2 Nxa2 39. Rxa2 Rd4 40. Re2
Nb6 41. Rb3 Rxa4 42. Kg2 Nd5 43. Kf3 b6 44. f5 gxf5 45. Nd6 Rh4 46. Rg2 Kf8 47.
Rg5 Rh3+ 48. Rg3 Rxh2 49. Nc4 h4 0-1

[Event "Olimpiada de Khanty-Mansiysk 2010"]
[Site "Khanty-Mansiysk RUS"]
[Date "2010.09.29"]
[Round "8"]
[White "Perera, W C C."]
[Black "Mok, Tze-Meng"]
[Result "0-1"]
[WhiteElo "2016"]
[BlackElo "2416"]
[PlyCount "82"]
[EventDate "2010.09.21"]
[EventType "team"]
[EventRounds "11"]
[EventCountry "RUS"]
[Source "lmi"]
[SourceDate "2010.09.21"]
[WhiteTeam "Sri Lanka"]
[BlackTeam "Malasia"]
[WhiteTeamCountry "SRI"]
[BlackTeamCountry "MAS"]

1. e4 e5 2. Nf3 Nc6 3. d4 exd4 4. Bc4 Nf6 5. e5 Ne4 6. Bd5 Nc5 7. O-O Ne6 8.
Re1 Bc5 9. Nbd2 h6 10. Ne4 Bb6 11. Ng3 Ne7 12. Bxe6 dxe6 13. Nh5 Kf8 14. Re4 c5
15. b4 Nd5 16. Nh4 g5 17. Qg4 gxh4 18. Qg7+ Ke7 19. Bxh6 Qg8 20. Bg5+ Kd7 21.
Nf6+ Nxf6 22. Qxf6 Bd8 23. Qxd8+ Qxd8 24. Bxd8 Rxd8 25. bxc5 Kc6 26. Rxh4 Kxc5
27. Rf4 Rd7 28. h4 b6 29. h5 Ba6 30. g4 Kc4 31. Rf3 Bb7 32. Rg3 Be4 33. Rc1 Kd5
34. f3 Bh7 35. f4 Rc7 36. Rg2 Be4 37. Rf2 Rac8 38. h6 d3 39. Rd1 Rxc2 40. Rxc2
Rxc2 41. f5 exf5 0-1

[Event "Olimpiada de Khanty-Mansiysk 2010"]
[Site "Khanty-Mansiysk RUS"]
[Date "2010.09.29"]
[Round "8"]
[White "Tan, Khai Boon"]
[Black "Koggala, W S V K."]
[Result "0-1"]
[WhiteElo "2160"]
[BlackElo "2026"]
[PlyCount "70"]
[EventDate "2010.09.21"]
[EventType "team"]
[EventRounds "11"]
[EventCountry "RUS"]
[Source "lmi"]
[SourceDate "2010.09.21"]
[WhiteTeam "Malasia"]
[BlackTeam "Sri Lanka"]
[WhiteTeamCountry "MAS"]
[BlackTeamCountry "SRI"]

1. d4 Nf6 2. c4 c5 3. d5 b5 4. Nf3 g6 5. Nbd2 Qa5 6. e4 d6 7. cxb5 Bg7 8. Bd3
a6 9. a4 axb5 10. Bxb5+ Bd7 11. Bxd7+ Nbxd7 12. O-O Nb6 13. Re1 Qb4 14. Re3
Rxa4 15. Rb3 Rxa1 16. Rxb4 cxb4 17. Nd4 O-O 18. N2b3 Ra4 19. f3 Rfa8 20. Qc2
Nfd7 21. Bg5 Nc5 22. Be3 Nxb3 23. Nxb3 Rc8 24. Qb1 Nc4 25. Bc1 Na5 26. Nxa5
Rxa5 27. Bd2 Rac5 28. Qd3 Rc2 29. b3 Bc3 30. Bh6 Ra2 31. h4 Bg7 32. Bxg7 Kxg7
33. Qd4+ f6 34. Qxb4 Rcc2 35. g4 Ra1+ 0-1

[Event "Olimpiada de Khanty-Mansiysk 2010"]
[Site "Khanty-Mansiysk RUS"]
[Date "2010.09.29"]
[Round "8"]
[White "Weerawardane, R."]
[Black "Long, Peter"]
[Result "1/2-1/2"]
[WhiteElo "2165"]
[BlackElo "2302"]
[PlyCount "85"]
[EventDate "2010.09.21"]
[EventType "team"]
[EventRounds "11"]
[EventCountry "RUS"]
[Source "lmi"]
[SourceDate "2010.09.21"]
[WhiteTeam "Sri Lanka"]
[BlackTeam "Malasia"]
[WhiteTeamCountry "SRI"]
[BlackTeamCountry "MAS"]

1. d4 Nf6 2. Nf3 c5 3. d5 b5 4. c4 e6 5. dxe6 fxe6 6. cxb5 d5 7. e3 Bd6 8. Nc3
Bb7 9. Be2 O-O 10. h3 e5 11. O-O Qe7 12. e4 d4 13. Nd5 Bxd5 14. exd5 e4 15. Ng5
Qe5 16. g3 Qxd5 17. Qb3 Qxb3 18. axb3 Nbd7 19. Bc4+ Kh8 20. Nf7+ Rxf7 21. Bxf7
Bc7 22. Kg2 Bb6 23. Bc4 Re8 24. Bd2 h6 25. Ba5 Kh7 26. Bxb6 axb6 27. Ra7 Kg6
28. g4 Re7 29. Re1 h5 30. Kg3 hxg4 31. hxg4 Re5 32. Kf4 Kh6 33. Rh1+ Kg6 34.
Rc7 e3 35. fxe3 Re4+ 36. Kg3 Rxg4+ 37. Kh3 Ne5 38. exd4 cxd4 39. Rf1 Ne4 40.
Bd5 Rg3+ 41. Kh4 Rg4+ 42. Kh3 Rg3+ 43. Kh4 1/2-1/2

[Event "Olimpiada de Khanty-Mansiysk 2010"]
[Site "Khanty-Mansiysk RUS"]
[Date "2010.09.29"]
[Round "8"]
[White "Lau, Gregory"]
[Black "Anuruddha, G C."]
[Result "1-0"]
[WhiteElo "2159"]
[BlackElo "2144"]
[PlyCount "101"]
[EventDate "2010.09.21"]
[EventType "team"]
[EventRounds "11"]
[EventCountry "RUS"]
[Source "lmi"]
[SourceDate "2010.09.21"]
[WhiteTeam "Malasia"]
[BlackTeam "Sri Lanka"]
[WhiteTeamCountry "MAS"]
[BlackTeamCountry "SRI"]

1. Nf3 Nf6 2. g3 g6 3. Bg2 Bg7 4. O-O O-O 5. d4 d6 6. c4 Nc6 7. Nc3 Bg4 8. Be3
Nd7 9. Qd2 e5 10. d5 Ne7 11. Nh4 Nb6 12. b3 Bd7 13. c5 Nbc8 14. b4 f5 15. Rac1
Kh8 16. Nf3 Ng8 17. Ng5 Qe7 18. c6 bxc6 19. dxc6 Be6 20. Nb5 Bf7 21. Bd5 Bxd5
22. Qxd5 a6 23. Nc3 f4 24. gxf4 exf4 25. Bd4 Rf5 26. Bxg7+ Qxg7 27. Qg2 Qe7 28.
Nf3 Rb8 29. Rfd1 Nb6 30. Rd4 Rbf8 31. a4 a5 32. Re4 Qd8 33. Kh1 Nf6 34. Rd4 Nh5
35. Re4 axb4 36. Rxb4 Rc5 37. Rbb1 Ra5 38. Rb4 Rc5 39. Rbb1 Qf6 40. Nb5 Nxa4
41. Nxc7 Rc8 42. Rxc5 dxc5 43. Nd5 Qxc6 44. Qg5 Qe6 45. Rb7 Qxe2 46. Kg2 Qe6
47. Re7 Ng7 48. Rxe6 Nxe6 49. Qf6+ Ng7 50. Qa6 Rd8 51. Qxa4 1-0

[Event "Olimpiada de Khanty-Mansiysk 2010"]
[Site "Khanty-Mansiysk RUS"]
[Date "2010.09.29"]
[Round "8"]
[White "Elbaruni, Mohamed"]
[Black "Harper, Ryan"]
[Result "1-0"]
[WhiteElo "2053"]
[BlackElo "2233"]
[PlyCount "81"]
[EventDate "2010.09.21"]
[EventType "team"]
[EventRounds "11"]
[EventCountry "RUS"]
[Source "lmi"]
[SourceDate "2010.09.21"]
[WhiteTeam "Libia"]
[BlackTeam "Trinidad y Tobago"]
[WhiteTeamCountry "LBY"]
[BlackTeamCountry "TRI"]

1. d4 Nf6 2. Nf3 g6 3. c4 Bg7 4. Nc3 d6 5. e4 O-O 6. Be2 e5 7. O-O Na6 8. Bg5
Qe8 9. dxe5 dxe5 10. a3 Nc5 11. Qc2 Ne6 12. Bd2 c6 13. Bd3 Nh5 14. Rfe1 Qd7 15.
Rad1 Nef4 16. Bf1 Qg4 17. Be3 f5 18. Bc5 Re8 19. Kh1 fxe4 20. Qxe4 Nf6 21. Qe3
Qh5 22. Ne4 Nxe4 23. Qxe4 Bf5 24. Qe3 Bh6 25. Qb3 e4 26. Ng1 Bg4 27. f3 exf3
28. gxf3 Be6 29. Bd4 b5 30. Qc3 Bf7 31. cxb5 cxb5 32. Qc6 a6 33. Qf6 Kf8 34.
Qh8+ Bg8 35. Re5 Rxe5 36. Bxe5 Qf5 37. Bc3 Kf7 38. Rd6 Ne6 39. Rd7+ Kf8 40.
Bb4+ Nc5 41. Rxh7 1-0

[Event "Olimpiada de Khanty-Mansiysk 2010"]
[Site "Khanty-Mansiysk RUS"]
[Date "2010.09.29"]
[Round "8"]
[White "Haddouche, Mohamed"]
[Black "Pitirotjirathon, Jirapak"]
[Result "0-1"]
[WhiteElo "2425"]
[BlackElo "2299"]
[PlyCount "68"]
[EventDate "2010.09.21"]
[EventType "team"]
[EventRounds "11"]
[EventCountry "RUS"]
[Source "lmi"]
[SourceDate "2010.09.21"]
[WhiteTeam "Argelia"]
[BlackTeam "Tailandia"]
[WhiteTeamCountry "ALG"]
[BlackTeamCountry "THA"]

1. e4 e6 2. d3 d5 3. Qe2 Ne7 4. Nf3 c5 5. g3 Nbc6 6. Bg2 g6 7. h4 h6 8. c3 Bg7
9. O-O O-O 10. e5 b5 11. Re1 b4 12. cxb4 Nxb4 13. a3 Nbc6 14. Nc3 Nf5 15. Na4
Ncd4 16. Nxd4 Nxd4 17. Qd1 Qa5 18. b4 cxb4 19. axb4 Qc7 20. Bf4 Qc2 21. Nc5
Qxd1 22. Rexd1 Rb8 23. Rab1 Nb5 24. Re1 Nd4 25. Red1 Nb5 26. g4 g5 27. hxg5
hxg5 28. Bg3 Re8 29. f4 gxf4 30. Bxf4 Re7 31. Kf2 Rc7 32. Bg3 Nc3 33. Rdc1 Nxb1
34. Rxb1 d4 0-1

[Event "Olimpiada de Khanty-Mansiysk 2010"]
[Site "Khanty-Mansiysk RUS"]
[Date "2010.09.29"]
[Round "8"]
[White "Oussedik, Mahfoud"]
[Black "Teerapabpaisit, Wisuwat"]
[Result "1-0"]
[WhiteElo "2222"]
[BlackElo "2310"]
[PlyCount "51"]
[EventDate "2010.09.21"]
[EventType "team"]
[EventRounds "11"]
[EventCountry "RUS"]
[Source "lmi"]
[SourceDate "2010.09.21"]
[WhiteTeam "Argelia"]
[BlackTeam "Tailandia"]
[WhiteTeamCountry "ALG"]
[BlackTeamCountry "THA"]

1. c4 Nf6 2. g3 g6 3. Bg2 Bg7 4. Nf3 O-O 5. O-O d6 6. Nc3 c6 7. d3 Re8 8. Rb1
e5 9. Nd2 d5 10. cxd5 cxd5 11. Qb3 d4 12. Nce4 Nc6 13. Nc4 Nxe4 14. Bxe4 Bh3
15. Qxb7 Bxf1 16. Kxf1 Re6 17. Bxc6 Rb8 18. Qd7 Qf8 19. Bg2 Qc5 20. Bd5 Re7 21.
Qc6 Rc7 22. Qxc5 Rxc5 23. Bg2 f5 24. b3 Bf8 25. Ba3 Rcb5 26. Bc6 1-0

[Event "Olimpiada de Khanty-Mansiysk 2010"]
[Site "Khanty-Mansiysk RUS"]
[Date "2010.09.29"]
[Round "8"]
[White "Tuamsang, Sawapop"]
[Black "Khelfallah, Badreddine"]
[Result "0-1"]
[WhiteElo "1984"]
[BlackElo "2183"]
[PlyCount "173"]
[EventDate "2010.09.21"]
[EventType "team"]
[EventRounds "11"]
[EventCountry "RUS"]
[Source "lmi"]
[SourceDate "2010.09.21"]
[WhiteTeam "Tailandia"]
[BlackTeam "Argelia"]
[WhiteTeamCountry "THA"]
[BlackTeamCountry "ALG"]

1. d4 Nf6 2. c4 c5 3. d5 e5 4. Nc3 d6 5. e4 Be7 6. Bd3 Nbd7 7. Nge2 O-O 8. f3
Ne8 9. g4 Bg5 10. Ng3 g6 11. Bd2 Qf6 12. O-O Ng7 13. Nb5 Bf4 14. Ne2 a6 15.
Nbc3 Bxd2 16. Qxd2 Qh4 17. Ng3 Nf6 18. Nd1 Bd7 19. Ne3 Qg5 20. Qe2 h5 21. h3 h4
22. Nh1 Ngh5 23. Ng2 Nf4 24. Nxf4 Qxf4 25. Rad1 b5 26. Qd2 Rab8 27. Rf2 Bc8 28.
b3 Nh7 29. Qxf4 exf4 30. e5 dxe5 31. Re2 Ng5 32. Kg2 bxc4 33. bxc4 f6 34. Bxg6
Rb4 35. Bd3 a5 36. Nf2 Ba6 37. Rc2 Kf7 38. Rdc1 Ke7 39. Be2 Kd6 40. Bd3 Rfb8
41. Be4 Ra4 42. Nd3 Ra3 43. Rd1 Ra4 44. Rdc1 Ra3 45. Rd1 Ra4 46. Rdc1 Bc8 47.
Nf2 Ra3 48. Re1 Ba6 49. Bd3 Rb4 50. Be2 Re3 51. Ra1 Kc7 52. Nd1 Ra3 53. Rac1 e4
54. Nc3 exf3+ 55. Bxf3 Nxf3 56. Kxf3 Rxc4 57. Kf2 Kd6 58. Nb5+ Bxb5 59. Rxc4
Bxc4 60. Rxc4 Rxa2+ 61. Kf3 Ra3+ 62. Kxf4 Kxd5 63. Rc1 c4 64. Kf5 Rf3+ 65. Kg6
c3 66. Ra1 Kc4 67. Rxa5 c2 68. Ra1 Kc3 69. Ra3+ Kb2 70. Rxf3 c1=Q 71. Rxf6 Qe3
72. g5 Qxh3 73. Kg7 Qg4 74. g6 h3 75. Kg8 Qc8+ 76. Rf8 Qe6+ 77. Kg7 Qe5+ 78.
Kf7 Qh5 79. Rb8+ Kc3 80. Rc8+ Kd4 81. Rd8+ Ke5 82. Rb8 Qf5+ 83. Kg7 Qf6+ 84.
Kh7 Qh4+ 85. Kg8 Qc4+ 86. Kh8 h2 87. Re8+ 0-1

[Event "Olimpiada de Khanty-Mansiysk 2010"]
[Site "Khanty-Mansiysk RUS"]
[Date "2010.09.29"]
[Round "8"]
[White "Gentilleau, Jean-Philippe"]
[Black "Kantinti, Shadrack"]
[Result "1-0"]
[WhiteElo "2182"]
[BlackElo "2158"]
[PlyCount "69"]
[EventDate "2010.09.21"]
[EventType "team"]
[EventRounds "11"]
[EventCountry "RUS"]
[Source "lmi"]
[SourceDate "2010.09.21"]
[WhiteTeam "Mónaco"]
[BlackTeam "Uganda"]
[WhiteTeamCountry "MNC"]
[BlackTeamCountry "UGA"]

1. e4 c5 2. Nf3 Nc6 3. Bb5 d6 4. d4 cxd4 5. Qxd4 Bd7 6. Bxc6 Bxc6 7. Nc3 Nf6 8.
Bg5 Qa5 9. O-O-O h6 10. Bxf6 gxf6 11. Qd3 e6 12. Nd4 a6 13. Kb1 O-O-O 14. Rhe1
d5 15. Qf3 Be7 16. Qh5 Rh7 17. Nb3 Qb4 18. a3 Qb6 19. exd5 Be8 20. Qf3 f5 21.
Rd3 a5 22. Qf4 Bd7 23. Red1 Bf6 24. Qc4+ Kb8 25. Nc5 e5 26. d6 e4 27. Nxd7+
Rxd7 28. Rd5 Rh8 29. Qb5 Qd8 30. Na4 b6 31. Nc5 Ra7 32. Rxf5 Bg7 33. Na6+ Ka8
34. Qc6+ Rb7 35. Rxf7 1-0

[Event "Olimpiada de Khanty-Mansiysk 2010"]
[Site "Khanty-Mansiysk RUS"]
[Date "2010.09.29"]
[Round "8"]
[White "Kawuma, Steven Male"]
[Black "Ribbegren, Karl Johan"]
[Result "1/2-1/2"]
[WhiteElo "2203"]
[BlackElo "2153"]
[PlyCount "60"]
[EventDate "2010.09.21"]
[EventType "team"]
[EventRounds "11"]
[EventCountry "RUS"]
[Source "lmi"]
[SourceDate "2010.09.21"]
[WhiteTeam "Uganda"]
[BlackTeam "Mónaco"]
[WhiteTeamCountry "UGA"]
[BlackTeamCountry "MNC"]

1. e4 g6 2. d4 Bg7 3. Nc3 d6 4. Be3 c6 5. Qd2 Nd7 6. h4 h5 7. f3 b5 8. Nh3 Nb6
9. Ng5 Nf6 10. Nd1 Qc7 11. b3 a5 12. c4 a4 13. cxb5 axb3 14. bxc6 O-O 15. Qb2
Rxa2 16. Rxa2 bxa2 17. Qxa2 Qxc6 18. Qb3 Nfd7 19. Bb5 Qc7 20. O-O e5 21. dxe5
Nxe5 22. Nb2 Bd7 23. Rc1 Qb8 24. Bxd7 Nbxd7 25. Qxb8 Rxb8 26. Nc4 Rb3 27. Nxe5
Bxe5 28. Rc8+ Kg7 29. Kf2 Rb2+ 30. Kf1 Rb1+ 1/2-1/2